El viejo y el mar

I tiakina i:
Ngā taipitopito rārangi puna kōrero
Kaituhi matua: Hemingway, Ernest (Author)
Hōputu: Pukapuka
Reo:Pāniora
I whakaputaina: Santiago Ceres 1981
Putanga:1a. ed
Rangatū:Biblioteca Fundamental Ceres
Ngā marau:
Ngā Tūtohu: Tāpirihia he Tūtohu
Kāore He Tūtohu, Me noho koe te mea tuatahi ki te tūtohu i tēnei pūkete!

MARC

LEADER 00000nam a2200000 a 4500
001 UCH6818
003 CL-VaPUC
008 091109e19810000CL |||||||||||||||||spa|d
082 0 4 |a 813  |b HEM  |2 21 
100 |a Hemingway, Ernest  |e author  |9 582258 
245 1 3 |a El viejo y el mar 
250 |a 1a. ed 
300 |a 101 p 
942 |c BK 
945 |d 20091109 00:00:00  |a lazolas 
260 |a Santiago  |b Ceres  |c 1981 
650 0 |a Cuentos estadounidenses  |9 265133 
650 0 |a Literatura estadounidense  |9 317168 
583 |a last modification  |c 20091109 00:00:00  |k Rodrigo Vera 
490 0 |a Biblioteca Fundamental Ceres 
999 |c 337639  |d 337637